000 00274nam a22001217a 4500
008 170829b xxu||||| |||| 00| 0 eng d
041 _aeng
080 _26TH
_a070
100 _a39
101 _aMED
245 _aTHE MEDIA OF MASS COMMUNICATION
_cVIVIAN,J
942 _2udc
_cBK
999 _c25413
_d25413